000 00906nam a2200277 i 4500
003 EG-GICUC
005 20260218211840.0
008 260218s1967 us ||||fr|||| 00| 0 fre d
040 _aEG-GiCUC
_bfre
_cEG-GiCUC
_dEG-GiCUC
_eRda
082 0 4 _221
_a341.23
_bVI
092 0 4 _221
099 _aLaw1 11 341.23 VI 1967
245 0 3 _aLa Vingt-deuxième Assemblée Générale Des Nations Unies :
_bAperçu Des Questions À L'ordre Du Jour /
_c
_n
264 1 _aWinslow :
_bRedactrice en Chef,
_c1967.
300 _a280page :
_billustration ;
_c 24 cm.
336 _2rda contenu
_a texte
337 _2rda medias
_aOrdinateur
338 _2 transporteur rda
_a Ressource en ligne
504 _a
546 _aTexte en français
650 1 4 _aDroit international public
_2
651 1 _2
856 4 0 _uhttps://fll.law.cu.edu.eg/fulltext/bks/B11-05438.pdf
905 _a50
942 _2ddc
_cBK
_e21
_n0
999 _c63715
_d63715